The great Palace of the Moscow, Kremlin

Đã lưu trong:
Sonraí Bibleagrafaíochta
Formáid: Leabhar
Teanga:Undetermined
Foilsithe: Leningrad, USSR Aurora Art 1981
Ábhair:
Clibeanna: Cuir Clib Leis
Gan Chlibeanna, Bí ar an gcéad duine leis an taifead seo a chlibeáil!
Thư viện lưu trữ: Trung tâm Học liệu Trường Đại học Cần Thơ
LEADER 00427nam a2200157Ia 4500
001 CTU_26640
008 210402s9999 xx 000 0 und d
082 |a 725.1 
082 |b G786 
245 4 |a The great Palace of the Moscow, Kremlin 
260 |a Leningrad, USSR 
260 |b Aurora Art 
260 |c 1981 
650 |a monuments - russia 
904 |i Minh, 981015 
980 |a Trung tâm Học liệu Trường Đại học Cần Thơ